Aké budú v budúcnosti vzťahy ČR s Európskou úniou Príloha Hospodárskych novín
Dôsledky rozšírenia Európskej únie pre Českú republiku z hľadiska štruktúrnych zmien a z hľadiska dynamických efektov. Vývoj priemyselnej výroby, indexu výroby elektriny, plynu, vody a v stavebníctve. Vývoj tvorby HDP a objemu maloobchodného predaja. Monitor hospodárskeho vývoja ČR.
Salvato in:
| Natura: | Capitolo di libro |
|---|---|
| Lingua: | slovacco |
| Soggetti: | |
| Tags: |
Nessun Tag, puoi essere il primo ad aggiungerne!!
|
MARC
| LEADER | 00000naa a2200000 4500 | ||
|---|---|---|---|
| 001 | r021222 | ||
| 005 | 20230801104641.9 | ||
| 041 | 0 | |a slo | |
| 044 | |a SK | ||
| 245 | 1 | 0 | |a Aké budú v budúcnosti vzťahy ČR s Európskou úniou |b Príloha Hospodárskych novín |
| 520 | |a Dôsledky rozšírenia Európskej únie pre Českú republiku z hľadiska štruktúrnych zmien a z hľadiska dynamických efektov. Vývoj priemyselnej výroby, indexu výroby elektriny, plynu, vody a v stavebníctve. Vývoj tvorby HDP a objemu maloobchodného predaja. Monitor hospodárskeho vývoja ČR. | ||
| 610 | 2 | 0 | |a Česko |
| 610 | 2 | 0 | |a 1990-1995 |
| 610 | 2 | 0 | |a zmeny štruktúrne |
| 610 | 2 | 0 | |a Európska únia |
| 610 | 2 | 0 | |a integrácia ekonomická medzinárodná |
| 610 | 2 | 0 | |a rast hospodársky |